00653nam a2200181 a 450000100100000000500170001000800410002702000150006804000250008324501010010825000110020926000530022030000270027370000400030004900090034095201050034999900170045400002956420200930055635.0110418s1999 dr 000 0 spa d a8495188031 aDO-SdBNPbspacBNPHU00aEducación y participación :bcamino a la democracia /cilustración Rubén Peña Rosario. a2a ed. aSanto Domingo :bCentro Cultural Proveda,c1999. a18 p. :bil. ;c28 cm.1 aPeña Rosario, Rubéneil.956397 aBNPD 0010718PDaPDbPDcCTd2011-04-18iLF1l0o p29564-10r2020-06-25w2020-06-25yLFPDZNo se presta c29056d29056